=LDR 00000nam 2200000 4500 =001 INLIS000000000047076 =005 20200813101441 =035 ##$$a 0010-071500000000046 =008 200813###########################0###### =082 ##$$a 2x9.1-Sai-t =100 ##$$a Khumais as-Sa'id =245 1#$$a Tersenyumlah sebagaimana Rasulullah Saw dan para sahabat tersenyum =250 ##$$a Cet.1 =260 ##$$a Bogor :$b Pustaka Ibnu Katsir,$c 2005 =300 ##$$a xiii, 254 Hlm ; $c 21 Cm =850 ##$$aNBPNMAT =990 ##$$a 2090101097/BPAP-NTB/2015